000 00693nam a22002057a 4500
003 OSt
005 20140310182806.0
008 130214t xxu||||| |||| 00| 0 eng d
020 _a9718514287, 9789718514283
050 _aDS 525.9
_b.H749 2007
082 _aM 327.52059
_bD596 2007
245 _aDiplomatic relations between Japan and Southeast Asia
_bprogress and challenges through half-a-century
_cHolmes, Ronald D.
260 _a[Philippines]
_bPhilippine Migration Research Network : Philippine Social Science Council
_cc2007
300 _a163 p. : maps
_c23 cm.
521 _acollege students
526 _c1210L-1700L
541 _j1
562 _e1
942 _2lcc
_cBK
_kM
999 _c16079
_d16079